000
00314nam a2200145 a 4500
008
190521s1986|||| d
260
_c
1986
_b
SPN
_a
Praha
250
_a
1.vydanie
958
_a
A
245
1
0
_a
Prehled chemického názvosloví
300
_a
158 s.
020
_c
0
041
_a
cze
044
_a
CZ
999
_c
20680
_d
20680